000 00836cam a2200265 a 4500
001 2822305
003 SISC
005 20160317092958.0
008 830124s1984 nyua 000 0 eng
010 _a 83001027
020 _a0024183407 (pbk.)
040 _aDLC
_cDLC
_dDLC
050 0 0 _aPE 1408
_b.Su779 1967
082 0 0 _aHS 808.042
_bSu5 1984
100 1 _aSullivan, Kathleen E.
_913457
245 1 0 _aParagraph practice :
_bwriting the paragraph and the short composition /
_cKathleen E. Sullivan.
260 _aNew York :
_bCollier Macmillan,
_cc1967.
300 _a196 p. :
_bill. ;
_c26 cm.
650 0 _aEnglish language
_xRhetoric.
_913458
650 0 _aEnglish language
_xParagraphs.
_913459
650 0 _aReport writing.
_91734
906 _a7
_bcbc
_corignew
_d1
_eocip
_f19
_gy-gencatlg
942 _2lcc
_cBK
999 _c9395
_d9395